UBT Library

MLA handbook for writers of research papers / (Record no. 39678)

000 -LEADER
fixed length control field 00731cam a2200241 a 4500
001 - CONTROL NUMBER
control field 3016280
005 - DATE AND TIME OF LATEST TRANSACTION
control field 20180104042815.0
008 - FIXED-LENGTH DATA ELEMENTS--GENERAL INFORMATION
fixed length control field 941017s1995 nyua bf 001 0 eng
010 ## - LIBRARY OF CONGRESS CONTROL NUMBER
LC control number 94038577
020 ## - INTERNATIONAL STANDARD BOOK NUMBER
International Standard Book Number 0873525655 (acidfree paper)
040 ## - CATALOGING SOURCE
Original cataloging agency DLC
Transcribing agency DLC
Modifying agency DLC
041 ## - LANGUAGE CODE
Language code of text/sound track or separate title eng
080 ## - UNIVERSAL DECIMAL CLASSIFICATION NUMBER
Universal Decimal Classification number 808.02
082 00 - DEWEY DECIMAL CLASSIFICATION NUMBER
Classification number 808.02 GIB
Edition number 20
100 1# - Rafti
Rafti 46
101 ## - Shkurtesa
Shkurtesa EDU
245 10 - TITLE STATEMENT
Title MLA handbook for writers of research papers /
Statement of responsibility, etc Joseph Gibaldi.
246 18 - VARYING FORM OF TITLE
Title proper/short title MLA handbook
504 ## - BIBLIOGRAPHY, ETC. NOTE
Bibliography, etc Includes bibliographical references and index.
906 ## - LOCAL DATA ELEMENT F, LDF (RLIN)
a 7
b cbc
c orignew
d 1
e ocip
f 19
g y-gencatlg
942 ## - ADDED ENTRY ELEMENTS (KOHA)
Source of classification or shelving scheme
Item type Books
Holdings
Withdrawn status Lost status Source of classification or shelving scheme Damaged status Not for loan Collection code Permanent location Current location Shelving location Date acquired Total Checkouts Full call number Barcode Date last seen Price effective from Koha item type
          Koleksioni i përgjithshem UBT - Lipjan UBT - Lipjan Koleksioni i lëndeve mesimore 01/04/2018   808.02 GIB 002-2994339 01/04/2018 01/04/2018 Books
UBT Library © 2015-2024. All rights reserved University Education for Business and Technology